000 00470nam a2200157 i 4500
001 28842
003 ES-MaACL
007 t|
008 030120s1920 xxk ||||1| eng d
100 1 _aBagehot, Walter.
_924629
245 1 0 _aLiterary Studies /
_cpar Walter Bagehot ; introduction by, George Sampron.
260 _aLondon :
_bLetchworth,
_c1920 (
_fThe Temple Press)
300 _a2 v. ;
_c18 cm.
700 1 _aSampron, George.
_9102203
852 _aES-MaACL
_jG-14724-25
999 _c28842
_d28842